| 000 | 00669nmm a2200241 a 4500 | ||
|---|---|---|---|
| 003 | AR-BaBNM | ||
| 005 | 20251128205419.0 | ||
| 008 | 107119s1994 ||||||||||||||000 | spa|| | ||
| 020 | _a950-05-0837-0 | ||
| 040 | _cAR-BaBNM | ||
| 100 | 1 | _aMichelini, Pedro E. | |
| 245 | 1 | 0 |
_aEl 17 de octubre de 1945 _btestimonio de sus protagonistas |
| 260 |
_aBuenos Aires _bEdiciones Corregidor _c1994 |
||
| 300 | 0 | _a142 p. | |
| 610 | 2 | 4 | _aPartido Justicialista |
| 650 | 4 | _aHISTORIA POLITICA | |
| 650 | 4 | _a17 DE OCTUBRE DE 1945 | |
| 650 | 4 | _aPARTIDOS POLITICOS ARGENTINOS | |
| 650 | 4 | _aHISTORIOGRAFIA ARGENTINA | |
| 653 | 0 | _aPERONISMO | |
| 942 | _cBK | ||
| 998 | _cmariana | ||
| 999 |
_c11347 _d11347 |
||